000 00346nam a2200121Ia 4500
008 160609s9999 xx 000 0 und d
100 _aBorenstein, Greg.
245 _aMaking Things See(Make: Books)
245 _cBy:Greg Borenstein
260 _c2012
650 _xCOMPUTER ANIMATION
856 _uhttp://file.ebook777.com/016/978-1449307073.pdf
999 _c295732
_d295732